Nuffield chemistry / (Record no. 8779)
[ view plain ]
| 000 -LEADER | |
|---|---|
| fixed length control field | 01029aam a2200253 a 4500 |
| 001 - CONTROL NUMBER | |
| JCCL Control Number | 8779 |
| 003 - CONTROL NUMBER IDENTIFIER | |
| JCCL marc code | BD - JhCC |
| 005 - DATE AND TIME OF LATEST TRANSACTION | |
| control field | 20180303202338.0 |
| 008 - FIXED-LENGTH DATA ELEMENTS--GENERAL INFORMATION | |
| fixed length control field | 690702m19669999enka 001 0 eng |
| 035 ## - SYSTEM CONTROL NUMBER | |
| system control number | (BD - JhCC)8779 |
| 040 ## - CATALOGING SOURCE | |
| Original cataloging agency | DLC |
| Transcribing agency | DLC |
| Modifying agency | SER |
| -- | EQO |
| -- | BD - JhCC |
| 041 ## - LANGUAGE CODE | |
| Language code of Book | eng |
| 050 0# - LIBRARY OF CONGRESS CALL NUMBER | |
| Classification number | QD40 |
| Item number | .N8 |
| 082 ## - DEWEY DECIMAL CLASSIFICATION NUMBER | |
| Classification number | 540/.071/2 |
| Author mark and Year | NUF 1966 |
| 110 2# - MAIN ENTRY--CORPORATE NAME | |
| Corporate name or jurisdiction name as entry element | Nuffield Foundation. |
| Subordinate unit | Science Teaching Project. |
| 245 10 - TITLE STATEMENT | |
| Title | Nuffield chemistry / |
| Statement of responsibility, etc | [Nuffield Foundation ; H.F. Halliwell, ed.] |
| 260 ## - PUBLICATION, DISTRIBUTION, ETC. (IMPRINT) | |
| Place of publication, distribution, etc | London : |
| Name of publisher, distributor, etc | Longmans Green ; |
| Place of publication, distribution, etc | Middlesex : |
| Name of publisher, distributor, etc | Penguin, |
| Date of publication, distribution, etc | 1966- |
| 300 ## - PHYSICAL DESCRIPTION | |
| Pagination | v. : |
| Other physical details | ill. (some col.) ; |
| Dimensions | 25 cm. |
| 505 1# - FORMATTED CONTENTS NOTE | |
| Formatted contents note | [1] Introduction and guide. -- [2] Handbook for teachers. -- [3] The sample scheme stages I and II. -- [4] The sample scheme stage III. -- [5] Collected experiments. -- [6] Book of data. -- [7-9] Laboratory investigations. -- [10] Background books. -- [11] Film loop notes. |
| 650 #0 - SUBJECT ADDED ENTRY--TOPICAL TERM | |
| Topical term or geographic name as entry element | Chemistry |
| General subdivision | Study and teaching (Secondary) |
| 700 1# - ADDED ENTRY--PERSONAL NAME | |
| Personal name | Halliwell, H.F. |
| 942 ## - ADDED ENTRY ELEMENTS (KOHA) | |
| Source of classification or shelving scheme | Dewey Decimal Classification |
| Koha item type | Books |
| Source of classification or shelving scheme | Damaged status | Not for loan | Home library | Current library | Shelving location | Total Checkouts | Full call number | Barcode | Date last seen | Copy number | Koha item type | Date of accession | Date checked out |
|---|---|---|---|---|---|---|---|---|---|---|---|---|---|
| Dewey Decimal Classification | JCC Rouf Library | JCC Rouf Library | General Stacks | 540/.071/2 NUF 1966 | 11744 | 03/03/2018 | C - 1 | Books | |||||
| Dewey Decimal Classification | JCC Rouf Library | JCC Rouf Library | General Stacks | 1 | 540/.071/2 NUF 1966 | 12278 | 03/10/2024 | C-2 | Books | 03/15/2018 | 03/04/2024 | ||
| Dewey Decimal Classification | JCC Rouf Library | JCC Rouf Library | General Stacks | 540/.071/2 NUF 1966 | 10874 | 12/05/2018 | C-3 | Books | 12/05/2018 |